000 00433nam a22001451 4500
082 0 0 _a539.20212
_bAHR
_cL-11, P-51
100 1 _aAhrens, L. H.
_940053
245 1 0 _aWavelength tables of sensitive lines.
260 _aCambridge, Mass.,
_bAddison-Wesley Press,
_c1951.
300 _a86 p.
_c24 cm.
526 _a0
_b0
_c0
_d539_202120000000000_AHR
650 0 _aMCE
_9379
650 0 _aSpectrum analysis
_xTables.
_940054
942 _2ddc
_cBK
999 _c544425
_d544425